000 00271nam a22001217a 4500
003 OSt
008 150215b xxu||||| |||| 00| 0 eng d
100 1 _aKehr, Ernest A
041 _aeng
245 1 0 _aRomance of Stamp Collecting, The
260 _b1947
_c1951
300 _a0 pages
999 _c793
_d793